01169nam a2200193Ia 4500001001000000003001000010008004100020040002500061041002200086100002300108245004600131250001100177260008900188300002700277500026000304501011400564520026000678650003700938L189-1703IT-CnALBA170116s9999||||xx |||||||||||||| ||und|| aIT-CnALBAcIT-CnALBA aLATINO - ITALIANO aRAPISARDA EMANUELE 0aSTUDI BOEZIANI. PHILOSOPHIAE CONSOLATIO.  a1a ed. bCENTRO STUDI UNIVERSITÀ DI CATANIA'c1961 [1° Ed.:1961 - Ed.Ling.Originale: 1961] a222 p. (prefazione: 7) aINTRODUZIONE TESTO TRADUZIONE. CRISI SPIRITUALE DI BOEZIO. SEMERIA E CRITICA MEDERNA. SINCRETISMO NEGLI OPUSCOLI E NEL DE CONSOLAZIONE. OPUSCOLI TEOLOGICI. STRUTTURA ORDINE E CONTENUTO DEGLI OPUSCOLI. INFLUENZA DI S. AGOSTINO. RITORNO ALLA CASA DI DIO. LA aSocietà San Paolo EM - Piazza San Paolo, 14 - 12051 ALBA (CN) (non commercial uses only) ® Copyright 2017 aINTRODUZIONE TESTO TRADUZIONE. CRISI SPIRITUALE DI BOEZIO. SEMERIA E CRITICA MEDERNA. SINCRETISMO NEGLI OPUSCOLI E NEL DE CONSOLAZIONE. OPUSCOLI TEOLOGICI. STRUTTURA ORDINE E CONTENUTO DEGLI OPUSCOLI. INFLUENZA DI S. AGOSTINO. RITORNO ALLA CASA DI DIO. LA aFILOSOFIA MEDIOEVALE OCCIDENTALE